| 000 | 01270nam0a22002771 4500 | ||
|---|---|---|---|
| 001 | v19\rc\1467632 | ||
| 005 | 20260406060627.0 | ||
| 035 | _a(NLR Aleph) 004685744 | ||
| 090 |
_a3867990 _c3867990 |
||
| 100 | _a20060620e18761876|||y0rusy50 ca | ||
| 101 | 0 | _arus | |
| 102 | _aRU | ||
| 105 | _ay z ||||| | ||
| 200 | 1 | _aПравила святого Геннадия, патриарха Константинопольского о вере и жизни христианской | |
| 210 |
_aКиев _cтип. Киево-Печ. Лавры _d1876 |
||
| 215 |
_a24 с. _d20 |
||
| 311 | _aИз Прибавления к изд.: "Творений святых отцев". Год 3-й, т. 5, ч. 1 | ||
| 488 | 0 |
_12001#$aПрибавления к "Творениям святых отцев"$vГод 3, т. 5, ч. 1 _tПрибавления к "Творениям святых отцев" |
|
| 700 | 0 |
_7ca _8rus _aГеннадий _cКуртесий, Георгий _cпатриарх Константинопольский _dII Схоларий _fок.1403-ок.1472 _9120584 _3RU\NLR\AUTH\7710820 |
|
| 801 | 0 |
_aRU _bNLR _gpsbo |
|
| 801 | 0 |
_aRU _bRuMoRGB _2psbo |
|
| 801 | 1 |
_aRU _bProSoft-M _2rusmarc |
|
| 852 |
_aNLR _j34.108.10.28 |
||
| 942 | _cBOOK | ||
| 980 | _aNB | ||